Expert witness and dispute resolution special (Record no. 76677)

MARC details
000 -LEADER
fixed length control field 01413cab a2200253 4500
001 - CONTROL NUMBER
control field ##L132898
008 - FIXED-LENGTH DATA ELEMENTS--GENERAL INFORMATION
fixed length control field 060320n2006 000 0 eng u
035 ## - SYSTEM CONTROL NUMBER
System control number (Sirsi) u132898
041 0# - LANGUAGE CODE
Language code of text/sound track or separate title eng
245 00 - TITLE STATEMENT
Title Expert witness and dispute resolution special
260 ## - PUBLICATION, DISTRIBUTION, ETC.
Date of publication, distribution, etc. 2006
490 #0 - SERIES STATEMENT
Series statement Estates Gazette
Volume/sequential designation (0610) 11 March 2006, 142-149(8)
520 ## - SUMMARY, ETC.
Summary, etc. "A plea for the status of advocacy" suggests that the role of the expert witness needs to be overhauled and that of the advocate embraced. "A test of impartiality and independence" argues that surveyors acting as expert witnesses in civil courts face the same pressures as expert witnesses in criminal courts. "A changing environment" outlines the trends in the use of pre-action protocols introduced by the Civil Procedure Rules and "Resolve disputes on neutral grounds" urges professional advisers to get to grips with the mediation process.
590 ## - LOCAL NOTE (RLIN)
Local note IKA280306
650 24 - SUBJECT ADDED ENTRY--TOPICAL TERM
Topical term or geographic name entry element J A PYE (OXFORD) LTD V GRAHAM
650 24 - SUBJECT ADDED ENTRY--TOPICAL TERM
Topical term or geographic name entry element WALLSHIRE V AARONS
650 24 - SUBJECT ADDED ENTRY--TOPICAL TERM
Topical term or geographic name entry element PYE (OXFORD) LTD & ANOR V UNITED KINGDOM
650 24 - SUBJECT ADDED ENTRY--TOPICAL TERM
Topical term or geographic name entry element HUMAN RIGHTS ACT 1998
650 24 - SUBJECT ADDED ENTRY--TOPICAL TERM
Topical term or geographic name entry element HALSEY V MILTON KEYNES GENERAL NHS TRUST
650 24 - SUBJECT ADDED ENTRY--TOPICAL TERM
Topical term or geographic name entry element NATIONAL JUSTICE COMPANIA V PRUDENTIAL ASSURANCE CO LTD
650 24 - SUBJECT ADDED ENTRY--TOPICAL TERM
Topical term or geographic name entry element MEADOW V GENERAL MEDICAL COUNCIL
690 ## - LOCAL SUBJECT ADDED ENTRY--TOPICAL TERM (OCLC, RLIN)
Topical term or geographic name as entry element MANAGEMENT- DISPUTE AVOIDANCE, MANAGEMENT AND RESOLUTION-DISPUTE MANAGEMENT AND RESOLUTION-EXPERT WITNESSES
942 ## - ADDED ENTRY ELEMENTS (KOHA)
Suppress in OPAC 0
Holdings
Withdrawn status Lost status Source of classification or shelving scheme Damaged status Not for loan Home library Current library Shelving location Date acquired Total Checkouts Full call number Barcode Date last seen Copy number Price effective from Koha item type
    Dewey Decimal Classification     London London Journal article 20/03/2006   L132898 132898-1001 06/08/2019 1 06/08/2019 Journal article